Don Quijote de la Mancha en el cine universal / (Record no. 123924)

MARC details
000 -LEADER
campo de control de longitud fija 00709nam a2200193 i 4500
001 - NÚMERO DE CONTROL
campo de control 123924
003 - IDENTIFICADOR DE NÚMERO DE CONTROL
campo de control ES-MaACL
005 - FECHA Y HORA DE LA ÚLTIMA TRANSACCIÓN
campo de control 20240516220130.0
007 - CAMPO FIJO DE DESCRIPCIÓN FÍSICA--INFORMACIÓN GENERAL
campo de control de longitud fija t|
008 - DATOS DE LONGITUD FIJA--INFORMACIÓN GENERAL
campo de control de longitud fija 070214s1958 sp r ||||1| spa d
100 1# - ENTRADA PRINCIPAL--NOMBRE DE PERSONA
Nombre de persona Ramírez Morales, Dulce-Néstor.
9 (RLIN) 95161
245 10 - MENCIÓN DEL TÍTULO
Título Don Quijote de la Mancha en el cine universal /
Mención de responsabilidad, etc. Dulce-Néstor Ramírez Morales.
260 ## - PUBLICACIÓN, DISTRIBUCIÓN, ETC.
Lugar de publicación, distribución, etc. Ciudad Real :
Nombre del editor, distribuidor, etc. Diputación Provincial,
Fecha de publicación, distribución, etc. 1958.
300 ## - DESCRIPCIÓN FÍSICA
Extensión 19 p., 2 lám. ;
Dimensiones 24 cm.
600 14 - PUNTO DE ACCESO ADICIONAL DE MATERIA--NOMBRE DE PERSONA
Nombre de persona Cervantes Saavedra, Miguel de,
Fechas asociadas al nombre 1547-1616.
Título de la obra Don Quijote de la Mancha-
Subdivisión general Adaptaciones cinematográficas
9 (RLIN) 37613
710 1# - ENTRADA AGREGADA--NOMBRE DE ENTIDAD CORPORATIVA
Nombre de entidad corporativa o nombre de jurisdicción como elemento de entrada Ciudad Real (Provincia).
Unidad subordinada Diputación.
9 (RLIN) 2843
852 ## - LOCALIZACIÓN
Ubicación ES-MaACL
Número de control de estantería 2006-F-23
Holdings
Estatus retirado Estado de pérdida Estado de daño No para préstamo Colección Biblioteca de origen Biblioteca actual Ubicación en estantería Fecha de adquisición Fuente de adquisición Total de préstamos Signatura topográfica completa Código de barras Visto por última vez Precio de reemplazo Tipo de ítem Koha
        Colección de folletos Biblioteca del Ateneo de Madrid Biblioteca del Ateneo de Madrid Depósito folletos 17/01/2008     2006-F-23 1129112 23/02/2023 23/02/2023 Folleto